000 00377nam a2200133Ia 4500
008 220217s9999||||xx |||||||||||||| ||und||
020 _a1855730243
082 _a658.56205 ZAI
100 _aZairi, Mohamed
245 0 _aTotal quality management for engineers
260 _aWoodhead publishing house
_bCambridge
_c2005
300 _aXI, 254p.
_b695
650 _aMANAGEMENT
999 _c186422
_d186422